000 00892nam a2200301 i 4500
003 EG-GICUC
005 20260406204352.0
008 260406s1979 Fr |||fr|||| 00| 0 fre d
020 _a225647682
040 _aEG-GiCUC
_bfre
_cEG-GiCUC
_dEG-GiCUC
_eRda
082 0 4 _221
_a343.93
_bMA . D
092 0 4 _221
099 _aLaw1 10 343.93 MA . D 1979
100 1 _aMayer, Danièle
_eAuteur
245 1 0 _aDroit Pénal de la Publicité /
_cDanièle Mayer.
264 1 _aParis :
_bMassan,
_c1979.
300 _a233 page ;
_bP
_c 24 cm.
336 _2rda contenu
_a texte
337 _2rda medias
_aOrdinateur
338 _2 transporteur rda
_a Ressource en ligne
500 _aIndex
650 1 _aPolitique Criminelle
_2qrmak
650 1 _aDroit De Pénal
651 1 _2qrmak
856 4 0 _uhttps://fll.law.cu.edu.eg/fulltext/bks/B10-08953.pdf
905 _a54
942 _2ddc
_cBK
_e21
_n0
999 _c69364
_d69364